Iles du monde - Statistiques

Statistiques générales
  • Ce quiz a été pris 27 fois
  • Le résultat moyen est 3 sur 20
Statistiques - réponses
Indices Réponses % Correct
Pays insulaire aussi nommé Aoteara Nouvelle Zélande
62%
Sa capitale est Sapporo Hokkaido
58%
Ile du Yémen célèbre pour ses dragonniers Socotra
42%
Territoire finlandais parlant en majorité le suédophone Aland
31%
Deuxième plus grande île des Philippines Mindanao
27%
Ile de la première constitution du monde moderne Corse
23%
Où se sont réfugiés des mutins du Bounty Pitcairn
23%
De l'archipel des îles Salomon, célèbre pour la bataille de la 1ere guerre mondiale Guadalcanal
19%
Archipel habitant la population la plus septentrionale du monde Svalbard
19%
Ile disputée par le Danemark et le Canada Hans
12%
Plus grande île fluviale Marajo
8%
Troisième plus grande île de l'archipel maltais Comino
4%
Territoire disputé par le Vanuatu et la France dans l'Océan Pacifique Matthew | Hunter | Walpole
4%
Ile où ont vécu les derniers mammouths Wrangell
4%
Le Pico Basilé est son point culminant Bioko
0%
Ile fluviale partagée entre l'Espagne et la France tous les 6 mois Iles des faisans
0%
Archipel tunisien le plus célèbre Kerkennah
0%
Plus grande île lacustre du monde Manitoulin
0%
Ile brésilienne interdite d'accès pour sa faune Queimada Grande
0%
Ile lacustre servant de refuge pour les personnes atteintes d'albinisme en Afrique Ukerewe
0%
Aucun quiz correspondant
Distribution des résultats
% des personnes avec chaque résultat
Percentile par nombre de réponses
Votre historique - résultats
Vous n’avez pas pris ce quiz